Wird geladen...
Noolu /
| 1. Verfasser: | |
|---|---|
| Format: | Printed Book |
| Sprache: | Malayalam |
| Veröffentlicht: |
Irinjalakkuda :
Samsaram publication ,
1981.
|
| Schlagworte: |
| LEADER | 00514nam a2200157Ia 4500 | ||
|---|---|---|---|
| 008 | 150624b xxu||||| |||| 00| f mal d | ||
| 082 | |a 853.S45 | ||
| 100 | |a Sukumar Koorkenchery | ||
| 245 | |c Sukumar Koorkenchery |a Noolu / | ||
| 260 | |a Irinjalakkuda : |b Samsaram publication , |c 1981. | ||
| 300 | |a 71 p. | ||
| 546 | |a In Malayalam. | ||
| 650 | |v Novel | ||
| 942 | |c BK | ||
| 999 | |c 78711 |d 78711 | ||
| 952 | |0 1 |1 0 |4 1 |6 853_000000000000000_S45_NOO_M |7 0 |9 78655 |a UL |b UL |c ST1 |d 1998-08-28 |l 0 |o 853.S45 NOO M |p 49708 |r 2012-10-27 |w 2012-10-27 |y BK | ||